| 000 | 01083nam a2200313 i 4500 | ||
|---|---|---|---|
| 003 | DO-SdBNP | ||
| 005 | 20240620151952.0 | ||
| 007 | ta | ||
| 008 | 760310q1983 sp 001 0 spa | ||
| 020 | _z8427103121 | ||
| 040 |
_aDO-SdBNP _bspa _cBNPHU _erda |
||
| 082 | 4 | _222 | |
| 100 | 1 |
_aGimenez Caballero, Ernesto, _d1899- _914114 _eautor |
|
| 245 | 1 | 3 |
_aGenio de España : _bexaltaciones a una resurrección nacional y del mundo / _cErnesto Giménez Caballero ; prólogo, Fernando Sánchez Dragó |
| 264 |
_aMadrid, España : _bPlaneta, _c1983. |
||
| 300 |
_a226 páginas ; _c20 cm. |
||
| 336 |
_2rdacontent _atexto _btxt |
||
| 337 |
_2rdamedia _asin mediación _bn |
||
| 338 |
_2rdacarrier _avolumen _bnc |
||
| 490 | _aEnsayo | ||
| 500 | _aIncluye datos biográficos del autor en la contracubierta | ||
| 590 | _aInventariado, 2024/BT | ||
| 600 | 1 | 4 |
_aGiménez Caballero, Ernesto, _914115 |
| 650 | 4 |
_aLiteratura española _9632 |
|
| 651 | 4 |
_aEspaña _xCivilización _914116 |
|
| 700 | 1 |
_aSánchez Dragó, Fernando, _eprólogo _985721 |
|
| 910 | _aBtavárez | ||
| 942 |
_2ddc _cLBS1 |
||
| 999 |
_c56912 _d56912 |
||